LEADER 02819oam 2200793 c 450 001 9910973479703321 005 20260408080230.0 010 $a3-657-70318-7 024 3 $a9783657703180 035 $a(CKB)4100000011413508 035 $a(MiAaPQ)EBC6538995 035 $a(Au-PeEL)EBL6538995 035 $a(OCoLC)1246267333 035 $a(Brill | Scho?ningh)9783657703180 035 $a(Brill | Schöningh)9783657703180 035 $a(EXLCZ)994100000011413508 100 $a20260408d2020 uy 0 101 0 $ager 135 $aurcnu|||||||| 181 $ctxt$2rdacontent 182 $cc$2rdamedia 183 $acr$2rdacarrier 200 10$aLexikon der katholischen Bischöfe im Polen des Goldenen Zeitalters 1500-1600$fGeorg Ziaja 205 $a1st ed. 210 $aPaderborn$cBrill | Schöningh$d2020 215 $a1 online resource (244 pages) 311 08$a3-506-70318-8 330 $aDas Lexikon bietet 80 Biographien der bedeutendsten katholischen Bischöfe Polens im 16. Jahrhundert. Berücksichtigt wurden folgende elf Diözesen: Gnesen, Lemberg, Krakau, Posen, W?oc?awek, P?ock, Kulm, Ermland, Che?m, Przemy?l und Kamieniec. Jeder der Beiträge bietet dem Leser nicht nur biographische Daten, sondern auch eine Fülle von Fachinformationen bezüglich des »Goldenen Zeitalters« in Polen, eine reichhaltige Statistik der Zeitperiode 1500?1600 in Form von übersichtlichen Tabellen, zwei Karten Polens bzw. der Rzeczpospolita mit Aufteilung der Diözesen (um 1000 und 1569) sowie eine sehr detaillierte Literaturliste zu jedem Biogramm ? insgesamt ein umfangreiches Nachschlagewerk zur Geschichte und Kultur Polens im 16. Jahrhundert und eine Pionierarbeit auf diesem Gebiet in deutscher Sprache. 606 $aTheologie 606 $aGeschichte 606 $aAdel 606 $aRom 606 $aKrakau 606 $aPreußen 606 $aRenaissance 606 $aRzeczpospolita 606 $aLitauen 606 $aHistory 606 $aTheology 606 $aNobility 606 $aRome 606 $aCracow 606 $aPrussia 606 $aLithuania 615 4$aTheologie 615 4$aGeschichte 615 4$aAdel 615 4$aRom 615 4$aKrakau 615 4$aPreußen 615 4$aRenaissance 615 4$aRzeczpospolita 615 4$aLitauen 615 4$aHistory 615 4$aTheology 615 4$aNobility 615 4$aRome 615 4$aCracow 615 4$aPrussia 615 4$aLithuania 676 $a282 700 $aZiaja$b Georg$4aut$01701903 801 0$bMiAaPQ 801 1$bMiAaPQ 801 2$bMiAaPQ 906 $aBOOK 912 $a9910973479703321 996 $aLexikon der katholischen Bischo?fe im Polen des Goldenen Zeitalters 1500-1600$94140205 997 $aUNINA